Бег нарты: повесть

Podrobná bibliografie
Hlavní autor: Болтромеюк В. В. Валерий Владимирович
Shrnutí:Исключено из фонда НТБ ТПУ
Jazyk:ruština
Vydáno: Москва, Современник, 1987
Edice:Новинки "Современника"
Médium: Kniha
KOHA link:https://koha.lib.tpu.ru/cgi-bin/koha/opac-detail.pl?biblionumber=134103

MARC

LEADER 00000nam0a2200000 4500
001 134103
005 20231031135548.0
035 |a (RuTPU)RU\TPU\book\145353 
090 |a 134103 
100 |a 20080326d1987 m y0rusy50 ca 
101 0 |a rus 
102 |a RU 
105 |a y z 000ay 
200 1 |a Бег нарты  |e повесть  |f В. В. Болтромеюк 
210 |a Москва  |c Современник  |d 1987 
215 |a 176 с. 
225 1 |a Новинки "Современника" 
333 |a Исключено из фонда НТБ ТПУ 
700 1 |a Болтромеюк  |b В. В.  |g Валерий Владимирович 
801 1 |a RU  |b 63413507  |c 20080326  |g PSBO 
801 2 |a RU  |b 63413507  |c 20170614  |g RCR 
942 |c BK